Responses for show #4967 - Tuesday, March 28, 2006

Contestants

Amanda Mapel, a front services manager from Las Vegas, Nevada

Ben Goggins, a retired marine biologist from Tybee Island, Georgia

Nemanja Dundjerovic, an electrical engineer from Ottawa, Ontario, Canada (whose 1-day cash winnings total $20,500)

Jeopardy! Round responses

REMEMBER THE 1800s?
YANKEE STADIUM
RELIGION IN CORPORATIONS
MIDDLE NAMES
LET'S VISIT SPRINGFIELD
"S"TUFF
    $200 7
white

Ben
    $200 22
Babe Ruth

Amanda
    $200 21
Chevrolet

Triple Stumper
    $200 13
Hunter S. Thompson

Ben
    $200 1
Ohio

Nemanja
    $200 3
scalping

Ben
    $400 8
Brooklyn Bridge

Amanda
    $400 23
Yogi Berra

Amanda
    $400 27
John

Nemanja
    $400 14
(Amanda: Who is Chevron?)

John D. Rockefeller

Amanda
Triple Stumper
    $400 2
Illinois

Ben
    $400 4
(Ben: Who is Snoopy?)
...
(Alex: [*], yes. Snoopy is not one of the dwarfs.)

Sneezy

BenAmanda
    $600 9
the Hansom cab

Ben
    $600 24
(Alex: Mr. October, yes.)

Reggie Jackson

Nemanja
    $600 28
Alaska Airlines

Triple Stumper
    $600 15
(Nemanja: Who is Daniel Patrick Moynihan?)
(Amanda: Who is... John P. Hopkins?)

Joe Kennedy

NemanjaBenAmanda
    $600 18
Missouri

Amanda
    $600 5
sausage

Ben
    $1,000 10
elevators

Ben
    $800 25
Mariano Rivera

Triple Stumper
    $800 29
Rick Warren

Triple Stumper
    $800 16
Susan B. Anthony

Ben
    $800 19
Vermont

Amanda
    $800 6
Stonehenge

Amanda
    $1000 11
Salmon Chase

Ben
    $1000 26
Lou Gehrig

Ben
    $1000 30
Chick-fil-A

Ben
    $1000 17
Robert S. McNamara

Ben
    $1000 20
(Alex: The Willamette River associated with [*].)

Oregon

Triple Stumper
    $1000 12
Samson

Amanda

Scores at the first commercial break (after clue 16):

Nemanja Ben Amanda
-$400 $5,200 $1,600

Scores at the end of the Jeopardy! Round:

Nemanja Ben Amanda
$600 $8,200 $3,600

Double Jeopardy! Round responses

CHEMISTRY
AUTO-BREVIATIONS
THE BBC's 100 GREATEST BRITONS
(Alex: ...as voted on by the public.)
ONE NATION
"UNDER"
GODZILLA
    $400 2
gases

Nemanja
    $400 26
suggested

Nemanja
    $400 4
Winston Churchill

Nemanja
    $400 12
Australia

Amanda
    $400 21
undercover

Amanda
    $400 1
Tokyo

Ben
    $800 6
salt

Ben
    $800 29
all-wheel drive

Ben
    $800 15
Princess Diana

Ben
    $2,400 13
(Amanda: What is the Netherlands?)
(Alex: Oh, no. No. Angela Merkel, who was elected the head of government in [*] just this year.)

Germany

Amanda
    $800 22
underdog

Amanda
    $800 3
New York

Amanda
    $1200 7
(Amanda: What is... evaporation?)

condensation

NemanjaAmanda
    $1200 30
vehicle identification number

Ben
    $1200 20
Paul McCartney

Nemanja
    $1200 14
(Nemanja: Uh, what is New Me--Mexico?)
(Amanda: What is Mexico?)

Georgia

NemanjaAmanda
Triple Stumper
    $1200 23
understudy

Nemanja
    $1200 5
Bambi

Ben
    $1600 9
a centrifuge

Nemanja
    $1600 28
pre-owned

Ben
    $1600 19
Stephen Hawking

Nemanja
    $1600 16
Oman

Ben
    $1600 24
to underexpose

Ben
    $1600 8
Raymond Burr

Ben
    $2000 11
(Robert) Bunsen

Ben
    $2000 27
a transmission

Triple Stumper
    $2,000 18
(Amanda: Who is Shackleton?)
(Alex: No. Shackleton survived his experience, but [*] did not at the South Pole. You have no money, once again.)

Robert Scott

Amanda
    $2000 17
Andorra

Amanda
    $2000 25
underscore

Amanda
    $2000 10
Mothra

Ben

Scores at the end of the Double Jeopardy! Round:

Nemanja Ben Amanda
$7,400 $23,800 $3,200
(lock game)

[wagering suggestions for these scores]

Final Jeopardy! Round responses

POETS
AmandaWho is Walt Whitman?
$3,199
NemanjaWho is Walt Whitman
$0
BenWho is Walt Whitman?
$1,200
Walt Whitman

Final scores:

Nemanja Ben Amanda
$7,400 $25,000 $6,399
2nd place: $2,000 New champion: $25,000 3rd place: $1,000

Game dynamics:

Coryat scores:

Nemanja Ben Amanda
$7,400 $23,600 $7,600
11 R,
2 W
25 R
(including 1 DD),
1 W
14 R,
6 W
(including 2 DDs)

Combined Coryat: $38,600

The J! Archive is created by fans, for fans. The Jeopardy! game show and all elements thereof, including but not limited to copyright and trademark thereto, are the property of Jeopardy Productions, Inc. and are protected under law. This website is not affiliated with, sponsored by, or operated by Jeopardy Productions, Inc. Join the discussion at JBoard.tv.